000 00365nam a22001457a 4500
020 _a1-85097-062-9
082 _a617.645,C03C
100 _aCHADWICK,BARBARA.L
245 _aCHILD TAMING :HOW TO MANAGE CHILDREN IN DENTAL PRACTICE
250 _a1ST
260 _aLONDON
_bQUINTESSENCE PUBLISHING
_c2003
300 _a127
650 _aPEDODONTICS
942 _2ddc
_cBK
999 _c9869
_d9869